Xây dựng ứng dụng windows với C++.net; T2
Gorde:
| Egile nagusia: | |
|---|---|
| Formatua: | Liburua |
| Hizkuntza: | Undetermined |
| Argitaratua: |
Cà Mau
Mũi Cà Mau
2003
|
| Gaiak: | |
| Etiketak: |
Etiketa erantsi
Etiketarik gabe, Izan zaitez lehena erregistro honi etiketa jartzen!
|
| Thư viện lưu trữ: | Trung tâm Học liệu Trường Đại học Cần Thơ |
|---|
| LEADER | 00539nam a2200193Ia 4500 | ||
|---|---|---|---|
| 001 | CTU_60159 | ||
| 008 | 210402s9999 xx 000 0 und d | ||
| 020 | |b 49000 | ||
| 082 | |a 005.133 | ||
| 082 | |b Ph561/T2 | ||
| 100 | |a Phương Lan | ||
| 245 | 0 | |a Xây dựng ứng dụng windows với C++.net; T2 | |
| 245 | 0 | |c Phương Lan | |
| 260 | |a Cà Mau | ||
| 260 | |b Mũi Cà Mau | ||
| 260 | |c 2003 | ||
| 650 | |a c++ ( computer program language ) | ||
| 904 | |i Minh | ||
| 980 | |a Trung tâm Học liệu Trường Đại học Cần Thơ | ||